000 00652nam a2200193Ia 4500
003 LDD
008 190117s9999 xx 000 0 und d
020 _a9789385054303
_c₹450
040 _cLDD
041 _ahi
082 _a8H4.7 कु59201अं
100 _aकुमार, शान्ता
245 0 _aअंधेरे के दीप
_cशान्ता कुमार
260 _aनयी दिल्ली
_bकिताबघर प्रकाशन
_c2015
300 _a255p.
901 _aKGP
904 _aReqst by : jitendra kumar srivastv
942 _2ddc
_cH
999 _c156414
_d156414